000 00462nam a2200181Ia 4500
003 GCL
008 140319s9999 xx 000 0 eng d
040 _aGCL /
_cGCL
082 0 4 _a658
_bM P
100 1 _aMURDOCK, ALEXANDAR
245 1 0 _aPERSONAL EFFECTIVENESS /
_cMURDOCK, ALEXANDAR
700 1 _aSCUTT, CAROL
260 _a[S.N] :
_bBUTTERWORTH HEINEMANN ،
_c1993
300 _a244 P
650 0 4 _aPLANNING
650 0 4 _aCOMMUNICATION
942 _2ddc
_cBK
999 _c20086
_d20086